000 00951nam a2200265Ia 4500
003 OSt
005 20221005110655.0
006 a|||||r|||| 00| 0
007 ta
008 221004b |||||||| |||| 00| 0 hin d
020 _a9788126719426 (hbk)
_c350
024 _a21851
037 _bBR8454, 23/03/2015, Rajkamal Prakashan Pvt. Ltd.
_cTextual
040 _aCRL
_cCRL
_bhin
041 _2hin
_ahin
082 _aU8.1, 152Q0
100 _aभूतोड़िया, संदीप
245 0 _aआपबीती - जगबीती
246 _aĀpabītī - jagabītī
260 _aनई दिल्ली
_bराजकमल प्रकाशन भारत
_c2010
300 _a223पृ0
_ccm.
650 _aभारतीय-भूगोल
942 _hU8.1, 152Q0
_cTEXL
_2cc
999 _c1019553
_d1019553